| 000 | 00519nam a2200169 i 4500 | ||
|---|---|---|---|
| 001 | 92272 | ||
| 003 | ES-MaACL | ||
| 005 | 20250824234605.0 | ||
| 007 | t| | ||
| 008 | 050224s2002 sp ||||1| spa d | ||
| 245 | 0 | 0 |
_aLibros y material de enseñanza _b: Curso 1971-1972. |
| 260 |
_aMadrid : _bInstituto Nacional del Libro Español, _c[1971] |
||
| 300 |
_a363 p.; il. ; _c24 cm. |
||
| 710 | 2 |
_aInstituto Nacional del Libro Español _95195 |
|
| 852 |
_aES-MaACL _jC-44056 _bR.78298 |
||
| 999 |
_c92272 _d92272 |
||